000 00278nam a22001217a 4500
008 180921b xxu||||| |||| 00| 0 eng d
041 _aeng
080 _a338
100 _a54
101 _aMAN
245 _aThe Modern Mnagement Of The Menopause
_cBerg.C
942 _2udc
_cBK
999 _c48156
_d48156